| 000 | 00893nam a22002297a 4500 | ||
|---|---|---|---|
| 999 |
_c3263 _d3263 |
||
| 003 | AR-CdUCM | ||
| 008 | 190306b ||||| |||| 00| 0 spa d | ||
| 040 |
_aMUNICIPALIDAD PROVINCIAL DEL CUSCO _cBIBLIOTECA MUNICIPAL DEL CUSCO |
||
| 082 |
_a342.1 / _bB32 |
||
| 100 |
_aBazurco Rittler, Ernesto Pinto _910884 |
||
| 245 |
_aDerecho Internacional : _bPolitica Exterior y Diplomacia introducción / |
||
| 260 |
_aTrujillo : _bNormas legales, _c1995. |
||
| 300 |
_a394 paginas ; _c24cm. |
||
| 500 | _aUniversidad de Lima | ||
| 505 | _aContenido- Derecho Internacional Publico -- Diplomacia -- Organismos y conferencias internacionales -- El territorio y los espacios soberanos -- Orden economico internacional... | ||
| 650 |
_aEconomia internacional _93982 |
||
| 650 |
_aDerecho _9739 |
||
| 650 |
_aInternaacional _94041 |
||
| 650 |
_aDiplomacia _93396 |
||
| 942 |
_2ddc _cLIBROS |
||
| 945 | _apjha | ||